[Event "IRI-chT 18th"]
[Site "Tehran"]
[Date "2019.11.24"]
[Round "3.5"]
[White "Pour Agha Bala, Amirreza"]
[Black "Mehry, Mahyaar"]
[Result "1-0"]
[WhiteElo "2420"]
[BlackElo "2001"]
[PlyCount "77"]
[EventDate "2019.11.23"]
[EventType "team-tourn"]
[EventRounds "9"]
[EventCountry "IRI"]
[SourceTitle "CBM 193 Extra"]
[Source "ChessBase"]
[SourceDate "2020.01.31"]
[SourceVersion "1"]
[SourceVersionDate "2020.01.31"]
[SourceQuality "1"]
[WhiteTeam "Tehran Saipa"]
[BlackTeam "Rasht Adrian"]
[WhiteTeamCountry "IRI"]
[BlackTeamCountry "IRI"]

1. Nf3 d5 2. g3 Nf6 3. Bg2 Bg4 4. 0-0 Nbd7 5. d3 e6 6. Nbd2 Be7 7. h3 Bh5 8. Qe1 0-0 9. e4 c6 10. Nh2 dxe4 11. dxe4 e5 12. f4 exf4 13. gxf4 Bc5+ 14. Kh1 Re8 15. e5 Nd5 16. Ne4 f6 17. c4 Nc7 18. Nxc5 Nxc5 19. Be3 Nd3 20. Qc3 Be2 21. Rg1 fxe5 22. Bf1 Bxf1 23. Raxf1 Re7 24. f5 Qd6 25. f6 Rd7 26. Rxg7+ Rxg7 27. fxg7 Qg6 28. Ng4 Qe4+ 29. Kh2 Kxg7 30. Qd2 Ne6 31. Nf6 Qxc4 32. b3 Qh4 33. Qxd3 Rd8 34. Qf5 Nf4 35. Bxf4 exf4 36. Nh5+ Kh6 37. Nxf4 Rd2+ 38. Kh1 Rxa2 39. Qf8+ 1-0

[Event "Hamedan op 17th"]
[Site "Hamedan"]
[Date "2018.08.11"]
[Round "4"]
[White "Mehry, Mahyaar"]
[Black "Mahdavi, Hassan"]
[Result "0-1"]
[WhiteElo "1931"]
[BlackElo "2110"]
[PlyCount "64"]
[EventDate "2018.08.09"]
[EventType "swiss"]
[EventRounds "11"]
[EventCountry "IRI"]
[SourceTitle "CBM 186 Extra"]
[Source "ChessBase"]
[SourceDate "2018.08.24"]
[SourceVersion "1"]
[SourceVersionDate "2018.08.24"]
[SourceQuality "1"]

1. Nf3 Nf6 2. g3 g6 3. b3 Bg7 4. Bb2 0-0 5. c4 c6 6. Bg2 d5 7. 0-0 a5 8. d3 a4 9. Qc1 Bg4 10. Nbd2 Nbd7 11. h3 Bxf3 12. Nxf3 Re8 13. Ne5 Qc7 14. Nxd7 Qxd7 15. Bxf6 Bxf6 16. Rb1 axb3 17. Rxb3 Rxa2 18. cxd5 cxd5 19. Qc5 Rc8 20. Qxd5 Qxd5 21. Bxd5 Rxe2 22. Rxb7 Rcc2 23. Rb4 e6 24. Bf3 Red2 25. h4 h5 26. Bb7 Kg7 27. Rf4 Be5 28. Rf3 Bd4 29. Ba6 f5 30. Bc4 e5 31. Bb3 Rc3 32. Bd5 e4 0-1